000 01165nam a22002057a 4500
003 JO-AjAnu
005 20240708124543.0
008 240708b jo ||||| |||| 00| 0 ara d
040 _aJO-AjAnu
_bara
_cJO-AjAnu
_erda
041 _aara
_hara
050 _aHD38
_b2024
100 1 _aالذيب، ريما حسن هزاع
_eمعد
_966086
245 0 _aاثر الادارة بالاهداف في تنمية الكفايات الادارية للعاملين لدى وزارة الزراعة الاردنية = Impact of Management by Objectives on Developing Administrative Competencies for Employees at the Jordanians Ministry of Agriculture /
_cاعداد ريما حسن هزاع الذيب ؛ اشراف محمد عبد حسين الطائي
260 _c2024
300 _a102 ورقة
500 _aرسالة جامعية( رسالة ماجستير في ادارة الاعمال) جامعة عجلون الوطنية( عجلون، الاردن)، كلية الاعمال،2024.
650 7 0 _aادارة الاعمال- الادارة بالاهداف
_966088
700 1 _aالطائي، محمد عبد حسين
_eمشرف
_966089
942 _2lcc
_cTHS
_n0
999 _c33593
_d33593